| 000 | 00381 a2200157 4500 | ||
|---|---|---|---|
| 003 | Nust | ||
| 005 | 20230201125421.0 | ||
| 040 | _cNust | ||
| 082 | _a940,HAN | ||
| 100 |
_aHnacock,W. K. _9108370 |
||
| 245 |
_aArgument of empire / _cW. K. Hnacock |
||
| 260 |
_aNew York _bPenguin Books _c1943 |
||
| 300 | _a156 | ||
| 650 |
_aArgument of empire _9108371 |
||
| 942 |
_2ddc _cBK _k940,HAN |
||
| 999 |
_c186983 _d186983 |
||